000
00157nam a22000857a 4500
082
_a
823
100
_a
SHILPI AND DEEPTHI
245
_a
THE BLUE BIRD
942
_c
BK
999
_c
8269
_d
8269